Departamenty zamorskie Francji - Statystyki

Ogólne statystyki
  • Ten quiz został rozwiązany 200 razy
  • Średni wynik to 2 z 5
Statystyki odpowiedzi
Kanton % Poprawnych
Gujana Francuska
86%
Martynika
52%
Reunion
47%
Gwadelupa
37%
Majotta
25%
Nie znaleziono quizów pasujących do podanych kryteriów
Rozkład punktacji
Procent ludzi z każdym wynikiem
Percentyl według liczby udzielonych odpowiedzi
Twoja historia wyników
Nie rozwiązałeś tego quizu